| 000 | 01078nac a22003257a 4500 | ||
|---|---|---|---|
| 001 | BR0700516 | ||
| 003 | BR-BrBNA | ||
| 005 | 20240105123348.0 | ||
| 008 | 230509b bl.|||m| |||| 00| 0 por d | ||
| 040 |
_aBR-BrBNA _bpor _cBiblioteca Nacional de Agricultura |
||
| 072 | _aC10; E16 | ||
| 090 | _aC10 BR0700516 | ||
| 100 | 1 | _aDuarte, E.G. | |
| 100 | 1 | _aGuedes, V.G.F. | |
| 110 | 1 | _aEMBRAPA Informação Tecnológica, Brasília, DF (Brasil) | |
| 245 | 1 | _aEducação, Tecnologia e Desenvolvimento Rural - relato de um caso em construção | |
| 260 | 3 |
_aBrasília, DF (Brasil): _c2006. |
|
| 300 | _a84 p. | ||
| 490 |
_aTexto para Discussão - EMBRAPA Informação Tecnológica (Brazil) _vno. 24 _xISSN 1622-5473 |
||
| 650 | _aEDUCAÇÃO | ||
| 650 | _aDESENVOLVIMENTO RURAL | ||
| 650 | _aTECNOLOGIA | ||
| 650 | _aAGRICULTURA FAMILIAR | ||
| 650 | _aDESENVOLVIMENTO SÓCIO-ECONÔMICO | ||
| 650 | _aEXTENSÃO RURAL | ||
| 650 | _aDESENVOLVIMENTO SUSTENTÁVEL | ||
| 650 | _aMINAS GERAIS | ||
| 909 |
_a202312 _bLúcia Elande _c55 _dLúcia Elande |
||
| 942 |
_2AGRIS _n0 _cMS |
||
| 999 |
_c295126 _d295126 |
||